Statistics for Football clubs from Macedonia

Click here to take the quiz!

General Stats

  • This quiz has been taken 20 times
  • The average score is 14 of 32

Answer Stats

Teams% Correct
Vardar
89%
Akademija Pandev
83%
Makedonija Gjorce Petrov
78%
Pelister
78%
Sileks
78%
Struga
72%
Rabotnicki
67%
Shkupi
67%
Belasica
61%
Bregalnica
61%
Ohrid
61%
Shkendija
50%
Teteks
50%
Tikves
50%
Pobeda
44%
Renova
44%
Borec
39%
Gostivar
39%
Skopje
39%
Sasa
28%
Kozuf Gevgelija
22%
Osogovo
22%
Besa 1976
17%
Kadino
17%
Lokomotiva
17%
Sloga Vinica
17%
Voska sport
17%
Bratstvo 07
11%
Kit Go Pehcevo
11%
Korab
11%
Veleshta
11%
Detonit Junior
6%

Score Distribution

Percentile by Number Answered

Percent of People with Each Score

Your Score History

You have not taken this quiz